Contemporaneidad latinoamericana y análisis cultural : (Registro nro. 53935)

Detalles MARC
000 -LEADER
campo de control de longitud fija 02529nam a2200421 i 4500
001 - NÚMERO DE CONTROL
campo de control 53935
003 - IDENTIFICADOR DE NÚMERO DE CONTROL
campo de control FINmELB
005 - FECHA Y HORA DE LA ÚLTIMA TRANSACCIÓN
campo de control 20241216232521.0
006 - CÓDIGOS DE INFORMACIÓN DE LONGITUD FIJA--CARACTERÍSTICAS DEL MATERIAL ADICIONAL
campo de control de longitud fija m o u
007 - CAMPO FIJO DE DESCRIPCIÓN FÍSICA--INFORMACIÓN GENERAL
campo de control de longitud fija cr cn|||||||||
008 - DATOS DE LONGITUD FIJA--INFORMACIÓN GENERAL
campo de control de longitud fija 220708s2000 sp ob 001 0 spa d
020 ## - NÚMERO INTERNACIONAL ESTÁNDAR DEL LIBRO
Número Internacional Estándar del Libro 8495107732
Información calificativa (Iberoamericana)
020 ## - NÚMERO INTERNACIONAL ESTÁNDAR DEL LIBRO
Número Internacional Estándar del Libro 3893541195
Información calificativa (Vervuert)
035 ## - NÚMERO DE CONTROL DEL SISTEMA
Número de control de sistema (OCoLC)1336971335
040 ## - FUENTE DE CATALOGACIÓN
Centro catalogador/agencia de origen FINmELB
Lengua de catalogación spa
Normas de descripción rda
Centro/agencia transcriptor FINmELB
043 ## - CÓDIGO DE ÁREA GEOGRÁFICA
Código de área geográfica cl-----
050 00 - SIGNATURA TOPOGRÁFICA DE LA BIBLIOTECA DEL CONGRESO
Número de clasificación F1414.2
Número de ítem C668 2000
080 ## - NÚMERO DE LA CLASIFICACIÓN DECIMAL UNIVERSAL
Número de la Clasificación Decimal Universal 008(7/8):1
082 04 - NÚMERO DE LA CLASIFICACIÓN DECIMAL DEWEY
Número de clasificación 980.033
Información de edición 23
245 00 - MENCIÓN DEL TÍTULO
Título Contemporaneidad latinoamericana y análisis cultural :
Resto del título conversaciones al encuentro de Walter Benjamin /
Mención de responsabilidad, etc. [organizados por] Jesús Martín-Barbero, Hermann Herlinghaus ; con un epílogo de Monika Walter.
264 #1 - PRODUCCIÓN, PUBLICACIÓN, DISTRIBUCIÓN, FABRICACIÓN Y COPYRIGHT
Producción, publicación, distribución, fabricación y copyright Madrid :
Nombre del de productor, editor, distribuidor, fabricante Iberoamericana ;
Producción, publicación, distribución, fabricación y copyright Frankfurt am Main :
Nombre del de productor, editor, distribuidor, fabricante Vervuert,
Fecha de producción, publicación, distribución, fabricación o copyright 2000.
300 ## - DESCRIPCIÓN FÍSICA
Extensión 1 recurso en línea (198 páginas)
336 ## - TIPO DE CONTENIDO
Término de tipo de contenido texto
Código de tipo de contenido txt
Fuente rdacontent/spa
337 ## - TIPO DE MEDIO
Nombre/término del tipo de medio computadora
Código del tipo de medio c
Fuente rdamedia/spa
338 ## - TIPO DE SOPORTE
Nombre/término del tipo de soporte recurso en línea
Código del tipo de soporte cr
Fuente rdacarrier/spa
504 ## - NOTA DE BIBLIOGRAFÍA, ETC.
Nota de bibliografía, etc. Nota Incluye referencias bibliográficas (páginas [183]-193) e índice.
505 0# - NOTA DE CONTENIDO CON FORMATO
Nota de contenido con formato Página legal -- Índice -- Agradecimientos -- Prólogo. Mis encuentros con Walter Benjamin -- Introducción. La aventura epistemológica de la comunicación con Jesús Martín-Barbero -- La crisis del hermeneuta o perspectivas transdisciplinares de la modernidad -- Modernidad y medios masivos en América Latina. Perspectivas comunicativas del análisis cultural -- Modernidades y destiempos latinoamericanos -- Des-ubicaciones de lo popular. Conversación -- Mesa redonda: Pensar desde los márgenes, nombrar desajustes del debate -- Itinerarios biográficos, caminos del pensar, modos de leer. Conversación -- Pensar, imaginar, narrar la comunicación. Una carta -- Epílogo: Regreso de Walter Benjamin a los tiempos del Sur ... -- Referencias Bibliográficas -- Índice Onomástico.
588 ## - NOTA DE FUENTE DE LA DESCRIPCIÓN
Nota de fuente de la descripción Descripción basada en metadatos suministrados por el editor y otras fuentes.
590 ## - NOTA LOCAL (RLIN)
Nota local Recurso electrónico. Santa Fe, Arg.: elibro, 2022. Disponible vía World Wide Web. El acceso puede estar limitado para las bibliotecas afiliadas a elibro.
650 #4 - PUNTO DE ACCESO ADICIONAL DE MATERIA--TÉRMINO DE MATERIA
Término de materia o nombre geográfico como elemento de entrada Cultura
Subdivisión general Filosofía.
651 #0 - PUNTO DE ACCESO ADICIONAL DE MATERIA--NOMBRE GEOGRÁFICO
Nombre geográfico Latin America
Subdivisión general Civilization.
655 #4 - TERMINO DE INDIZACIÓN--GENERO/FORMA
Datos o término principal de género/forma Libros electrónicos.
700 1# - ENTRADA AGREGADA--NOMBRE PERSONAL
Nombre de persona Benjamin, Walter,
Fechas asociadas al nombre 1892-1940.
700 1# - ENTRADA AGREGADA--NOMBRE PERSONAL
Nombre de persona Martín B., Jesús
Forma completa/desarrollada del nombre (Martín Barbero)
700 1# - ENTRADA AGREGADA--NOMBRE PERSONAL
Nombre de persona Herlinghaus, Hermann,
Fechas asociadas al nombre 1954-
797 2# - PUNTO DE ACCESO ADICIONAL LOCAL--NOMBRE DE ENTIDAD CORPORATIVA (RLIN)
Nombre de entidad corporativa o nombre de jurisdicción como elemento de entrada elibro, Corp.
856 40 - LOCALIZACIÓN Y ACCESO ELECTRÓNICOS
Identificador Uniforme de Recurso <a href="https://elibro.net/ereader/politecnicointernacional/202760">https://elibro.net/ereader/politecnicointernacional/202760</a>

No hay ítems disponibles.


Politécnico Internacional

Institución de Educación Superior
Vigilado Mineducación.
SNES 4727 +4135 DEL 11 de nov. de 2004

Sedes

Sede Norte - Av. Boyacá 138 - 70

Sede Sur - Autopista Sur No 67 - 71

Sede Av Chile - Calle 73 Nº 10-45

Información Legal

Derechos Pecuniarios | Habeas Data | Reglamento Biblioteca


Compartir

YouTube | Twitter | Facebook | LinkedIn


Comunícate con nosotros:

Admisiones: 60-1-7950000
Atención al cliente: 60-1-4005700